| Tag |
First Indicator |
Second Indicator |
Subfields |
| LEADER |
00000cam a2200000Ki 4500 |
| 001 |
in00003512713 |
| 006 |
m o d |
| 007 |
cr bn||||||abp |
| 007 |
cr bn||||||ada |
| 008 |
100427s1980 gw a ob 010 0 eng d |
| 005 |
20260420200845.4 |
| 019 |
|
|
|a 655401270
|
| 020 |
|
|
|a 9783322910820 (electronic bk.)
|
| 020 |
|
|
|a 3322910822 (electronic bk.)
|
| 020 |
|
|
|z 9783528084523
|
| 020 |
|
|
|z 3528084529
|
| 035 |
|
|
|a (OCoLC)609789210
|z (OCoLC)655401270
|
| 040 |
|
|
|a OCLCE
|b eng
|e pn
|c OCLCE
|d OCLCQ
|d GW5XE
|d OCLCQ
|d OCLCF
|d UtOrBLW
|
| 041 |
1 |
|
|a eng
|h ger
|
| 042 |
|
|
|a dlr
|
| 049 |
|
|
|a TXAM
|
| 050 |
|
4 |
|a QC168.2
|b .O87 1980eb
|
| 082 |
0 |
4 |
|a 533/.2
|2 19
|
| 100 |
1 |
|
|a Oswatitsch, Klaus.
|
| 245 |
1 |
0 |
|a Contributions to the development of gasdynamics :
|b selected papers, transl. on the occasion of K. Oswatitsch's 70. birthday /
|c Klaus Oswatitsch ; edited by Wilhelm Schneider and Max Platzer.
|
| 246 |
3 |
|
|a Contributions to the development of gas dynamics
|
| 264 |
|
1 |
|a Braunschweig ;
|a Wiesbaden :
|b Vieweg,
|c 1980.
|
| 300 |
|
|
|a 1 online resource (xx, 429 pages) :
|b illustrations
|
| 336 |
|
|
|a text
|b txt
|2 rdacontent
|
| 337 |
|
|
|a computer
|b c
|2 rdamedia
|
| 338 |
|
|
|a online resource
|b cr
|2 rdacarrier
|
| 504 |
|
|
|a "Scientific publications": pages xv-xx.
|
| 538 |
|
|
|a Master and use copy. Digital master created according to Benchmark for Faithful Digital Reproductions of Monographs and Serials, Version 1. Digital Library Federation, December 2002.
|u http://purl.oclc.org/DLF/benchrepro0212
|5 MiAaHDL
|
| 583 |
1 |
|
|a digitized
|c 2010
|h HathiTrust Digital Library
|l committed to preserve
|2 pda
|5 MiAaHDL
|
| 588 |
|
|
|a Description based on print version record.
|
| 500 |
|
|
|a Electronic resource.
|
| 600 |
1 |
0 |
|a Oswatitsch, Klaus.
|
| 600 |
1 |
7 |
|a Oswatitsch, Klaus.
|2 fast
|0 (OCoLC)fst00058692
|
| 650 |
|
0 |
|a Gas dynamics.
|
| 650 |
|
7 |
|a Gas dynamics.
|2 fast
|0 (OCoLC)fst00938238
|
| 655 |
|
7 |
|a Electronic books.
|2 local
|
| 700 |
1 |
|
|a Schneider, Wilhelm,
|c Dipl.-Ing. Dr. techn.
|
| 700 |
1 |
|
|a Platzer, Max.
|
| 710 |
2 |
|
|a SpringerLink (Online service)
|
| 776 |
1 |
8 |
|i Print version:
|a Oswatitsch, Klaus.
|t Contributions to the development of gasdynamics.
|d Braunschweig ; Wiesbaden : Vieweg, 1980
|w (DLC) 80499857
|w (OCoLC)6892605
|
| 856 |
4 |
0 |
|u http://proxy.library.tamu.edu/login?url=https://link.springer.com/10.1007/978-3-322-91082-0
|z Connect to the full text of this electronic book
|t 0
|
| 994 |
|
|
|a 92
|b TXA
|
| 999 |
|
|
|a MARS
|
| 999 |
f |
f |
|s 079f7557-ffae-39f0-956e-114f4b4e446e
|i 1a287210-2e7c-3cc3-a733-c395d0376b35
|t 0
|
| 952 |
f |
f |
|a Texas A&M University
|b College Station
|c Electronic Resources
|s www_evans
|d Available Online
|t 0
|e QC168.2 .O87 1980eb
|h Library of Congress classification
|
| 998 |
f |
f |
|a QC168.2 .O87 1980eb
|t 0
|l Available Online
|